Louder, Lili / (Record no. 3129)

MARC details
000 -LEADER
fixed length control field 00961cam a2200289 a 4500
005 - DATE AND TIME OF LATEST TRANSACTION
control field 20240208084348.0
020 ## - INTERNATIONAL STANDARD BOOK NUMBER
International Standard Book Number 9780545117500
040 ## - CATALOGING SOURCE
Original cataloging agency DLC
Transcribing agency DLC
Modifying agency DLC
Language of cataloging eng
050 00 - LIBRARY OF CONGRESS CALL NUMBER
Classification number PZ7.C446265
Item number 2007
082 00 - DEWEY DECIMAL CLASSIFICATION NUMBER
Classification number 464
100 1# - MAIN ENTRY--PERSONAL NAME
Personal name Choldenko, Gennifer
Dates associated with a name 1957-
245 10 - TITLE STATEMENT
Title Louder, Lili /
Statement of responsibility, etc. Gennifer, Choldenko : illustrated by Schindler, S.D
250 ## - EDITION STATEMENT
Edition statement First Scholastic printing , October 2008
260 ## - PUBLICATION, DISTRIBUTION, ETC.
Place of publication, distribution, etc. New York :
Name of publisher, distributor, etc. Scholastic ;
Date of publication, distribution, etc. 2007
300 ## - PHYSICAL DESCRIPTION
Extent 30 unnumbered pages :
Other physical details color illustrations ;
Dimensions 23 cm.
505 ## - FORMATTED CONTENTS NOTE
Formatted contents note K <br/>
520 ## - SUMMARY, ETC.
Summary, etc. Lili is so shy that her voice is never heard in class until the day a good friend needs her help.
521 ## - TARGET AUDIENCE NOTE
Target audience note 520 <br/>
Source Lexile <br/>
521 ## - TARGET AUDIENCE NOTE
Target audience note K <br/>
Source Raz-Plus <br/>
650 #1 - SUBJECT ADDED ENTRY--TOPICAL TERM
Topical term or geographic name entry element Bashfulness
Form subdivision Fiction.
650 #1 - SUBJECT ADDED ENTRY--TOPICAL TERM
Topical term or geographic name entry element Friendship
Form subdivision Fiction.
650 #1 - SUBJECT ADDED ENTRY--TOPICAL TERM
Topical term or geographic name entry element Schools
Form subdivision Fiction.
700 1# - ADDED ENTRY--PERSONAL NAME
Personal name Schindler, S. D
Relator term illustrator
906 ## - LOCAL DATA ELEMENT F, LDF (RLIN)
a 7
b cbc
c orignew
d 1
e ecip
f 20
g y-gencatlg
942 ## - ADDED ENTRY ELEMENTS (KOHA)
Source of classification or shelving scheme Dewey Decimal Classification
Koha item type Books
Suppress in OPAC No
999 ## -
-- 3129
-- 3129
Holdings
Withdrawn status Lost status Source of classification or shelving scheme Damaged status Not for loan Collection Home library Current library Shelving location Date acquired Total Checkouts Full call number Barcode Date last seen Date last checked out Price effective from Koha item type
    Dewey Decimal Classification     Juvenile Fiction Footprints International School Library Network Toul Kork Campus Footprints International School Library Network Toul Kork Campus   02/08/2024 2 CHO 464 PZ7.C446265 FISBK01317 04/10/2025 08/21/2024 02/08/2024 Books